Anatomische Beiträge zur Morphologie und den venösen Strombahnen der Schilddrüse /

Hlavní autor: Schreyer, Georg
Korporativní autor: Bayerische Julius-Maximilians-Universität Würzburg. Medizinische Fakultät
Jazyk: Němčina
Vydáno: Würzburg : G. Schreyer, 1983
Fyzický popis: 4, 124 s.
Knihy
Uloženo v:
LEADER 00812nam a22002172a 4500
001 001100872
003 CZ BrMZK
005 20101008124642.0
007 ta
008 100609s1983 gw er|||||||||||ger d
040 |a BOA001  |b cze 
100 1 |a Schreyer, Georg  |4 dis 
245 1 0 |a Anatomische Beiträge zur Morphologie und den venösen Strombahnen der Schilddrüse /  |c Georg Schreyer 
260 |a Würzburg :  |b G. Schreyer,  |c 1983 
300 |a 4, 124 s. 
502 |a Disertace--Bayerische Julius-Maximilians-Universität Würzburg, Medizinische Fakultät, 1983 
710 2 |a Bayerische Julius-Maximilians-Universität Würzburg.  |b Medizinische Fakultät 
910 |a BOA001  |b 2-0875.525 
990 |a BK 
991 |b 201006 
996 7 |b 2619319313  |c 2-0875.525  |l MZK  |r Sklad / do 1 hodiny  |n 0  |w 001127511  |u 000010  |a 1  |e BOA001  |j MZK50  |s A